000
00304nam a22001217a 4500
003
OSt
008
250127b |||||||| |||| 00| 0 eng d
041
_a
eng
100
_a
ISI
_9
7009
245
_a
Specification for Puddler Animal Drawn IS:3369
260
_b
Indian Standard Institution,
_c
1973.
942
_c
BK
999
_c
19148
_d
19148